Rǧimen de Intereses personas fs̕icas /

Detalles Bibliográficos
Autor principal: Přez Chv̀ez, Još
Otros Autores: Fol Olguin, Raymundo
Formato: Desconocido
Lenguaje:español
Publicado: Mx̌ico : Tax Editores, 2009
Materias:
Acceso en línea:Acceso restringido

MARC

LEADER 00000ny a22000003n 4500
005 20110526142931.0
008 100325s2009 mx s 000 0 spa d
020 |a 9786074400472 
035 |a 4712 
040 |d vLex 
090 |c 298  |d 298 
100 1 |a Přez Chv̀ez, Još 
245 1 0 |a Rǧimen de Intereses  |h [Recurso electrn̤ico]  |b personas fs̕icas /  |c Jos ̌Přez Chavez, Raymundo Fol Olguin  
256 |a Servicio en ln̕ea 
260 |a Mx̌ico :  |b Tax Editores,  |c 2009 
506 1 |a Contenido solo disponible en los productos indicados  |d vLex Global  |d vLex Global (Academic Edition, excluding Law Schools)  |d vLex Global (U.S. Academic Edition, Law Schools)  |d vLex Global (U.S. Academic Edition, excluding Law Schools)  |d vLex Global (Academic Edition, Law Schools) 
650 0 4 |a Impuesto sobre la renta  |z Mx̌ico  |x Publicaciones perid̤icas 
650 0 4 |a Impuesto  |z Mx̌ico  |x Publicaciones perid̤icas 
700 1 |a Fol Olguin, Raymundo 
740 0 |a vLex Libros (Servicios en ln̕ea) 
856 4 0 |u http://vlex.com/source/4712  |z Acceso restringido 
942 |c BOOK 
999 0 |a Taxation   |b Mx̌ico